00989pab a2200157 454500008004000000100001900040245004300059260000900102300001300111362000800124520061400132650002700746650002400773650001600797773001800813180718b2001 xxu||||| |||| 00| 0 eng d aDeshmukh, B.G. aLiberalization and India's bureaucracy c2001 ap.12-14. aJul aIn this paper Shri B.G. Deshmukh argues that liberalization in the economic field has to be accompanied by a more decentralized political structure. He also argues for a change in the labour laws and for greater emphasis on growth and development of infrastructure. He says that while bureaucrats are often charged with holding up the process of liberalization, the fact was that many industrialists were vehemently opposed to any competition from domestic or foreign sources. He also wanted a complete review of the audit system which made the bureaucracy stick to `routine' and `precedent'. - Reproduced. aLiberalization - India aBureaucracy - India aBureaucracy aAdministrator